Frankenstein
Сохранить в:
| Главный автор: | |
|---|---|
| Формат: | |
| Язык: | испанский |
| Опубликовано: |
Santiago
Andrés Bello
1998
|
| Редактирование: | 1a. ed |
| Предметы: | |
| Метки: |
Добавить метку
Нет меток, Требуется 1-ая метка записи!
|
MARC
| LEADER | 00000nam a2200000 a 4500 | ||
|---|---|---|---|
| 001 | UCG0151 | ||
| 003 | CL-VaPUC | ||
| 008 | 100312e19980000CL |||||||||||||||||spa|d | ||
| 020 | |a 8489691347 | ||
| 082 | 0 | 4 | |a 823 |b SHE |2 21 |
| 100 | 0 | |a Shelley, Mary |e author |9 547544 | |
| 245 | 1 | 0 | |a Frankenstein |
| 250 | |a 1a. ed | ||
| 300 | |a 236 p | ||
| 942 | |c BK | ||
| 945 | |d 20100312 00:00:00 |a cmena | ||
| 260 | |a Santiago |b Andrés Bello |c 1998 | ||
| 650 | 0 | |a Novelas inglesas |9 265220 | |
| 650 | 0 | |a Literatura inglesa |9 312907 | |
| 583 | |a last modification |c 20100312 00:00:00 |k Rodrigo Vera | ||
| 999 | |c 339898 |d 339896 | ||